| 000 | 00771nam a2200121Ia 4500 | ||
|---|---|---|---|
| 008 | 220620s9999||||xx |||||||||||||| ||und|| | ||
| 100 | _aOostindie, Gert||Klinkers, Inge | ||
| 245 | 0 |
_aDecolonising the Caribbean _bDutch Policies in a Comparative Perspective |
|
| 546 | _aEnglish[eng] | ||
| 650 | _ageschiedenis||political science||politicologie||history||geography||and auxiliary disciplines||Aruba||Caribbean||Netherlands||Netherlands Antilles||Suriname||United States | ||
| 856 | _uhttps://library.oapen.org/bitstream/20.500.12657/34557/1/408881.pdf||https://library.oapen.org/bitstream/20.500.12657/34557/1/408881.pdf||https://library.oapen.org/bitstream/20.500.12657/34557/1/408881.pdf||https://library.oapen.org/bitstream/20.500.12657/34557/1/408881.pdf | ||
| 942 | _cEB | ||
| 999 |
_c32149 _d32149 |
||